<?xml version="1.0" encoding="UTF-8"?><?xml-stylesheet type="text/xsl" href="static/style.xsl"?><OAI-PMH xmlns="http://www.openarchives.org/OAI/2.0/" xmlns:xsi="http://www.w3.org/2001/XMLSchema-instance" xsi:schemaLocation="http://www.openarchives.org/OAI/2.0/ http://www.openarchives.org/OAI/2.0/OAI-PMH.xsd"><responseDate>2026-04-14T07:34:24Z</responseDate><request verb="GetRecord" identifier="oai:www.recercat.cat:10230/24590" metadataPrefix="marc">https://recercat.cat/oai/request</request><GetRecord><record><header><identifier>oai:recercat.cat:10230/24590</identifier><datestamp>2025-12-18T01:27:12Z</datestamp><setSpec>com_2072_6</setSpec><setSpec>col_2072_452952</setSpec></header><metadata><record xmlns="http://www.loc.gov/MARC21/slim" xmlns:dcterms="http://purl.org/dc/terms/" xmlns:xsi="http://www.w3.org/2001/XMLSchema-instance" xmlns:doc="http://www.lyncode.com/xoai" xsi:schemaLocation="http://www.loc.gov/MARC21/slim http://www.loc.gov/standards/marcxml/schema/MARC21slim.xsd">
   <leader>00925njm 22002777a 4500</leader>
   <datafield ind2=" " ind1=" " tag="042">
      <subfield code="a">dc</subfield>
   </datafield>
   <datafield ind2=" " ind1=" " tag="720">
      <subfield code="a">Colell Ortega, Esther, 1961-</subfield>
      <subfield code="e">author</subfield>
   </datafield>
   <datafield ind2=" " ind1=" " tag="720">
      <subfield code="a">Bell, Steven</subfield>
      <subfield code="e">author</subfield>
   </datafield>
   <datafield ind2=" " ind1=" " tag="720">
      <subfield code="a">Britton, Annie</subfield>
      <subfield code="e">author</subfield>
   </datafield>
   <datafield ind2=" " ind1=" " tag="260">
      <subfield code="c">2015-07-09T08:01:49Z</subfield>
   </datafield>
   <datafield ind2=" " ind1=" " tag="260">
      <subfield code="c">2015-07-09T08:01:49Z</subfield>
   </datafield>
   <datafield ind2=" " ind1=" " tag="260">
      <subfield code="c">2014</subfield>
   </datafield>
   <datafield ind2=" " ind1=" " tag="520">
      <subfield code="a">BACKGROUND AND AIMS: Studies on the role of labour market position and change in alcohol use during midlife are scarce and their results are inconclusive mainly due to their failure to define comprehensive and distinct labour market groups and the short periods of time studied. In this study we used different activity categories for men and women to examine alcohol use trajectories in midlife covering a period of 17 years. METHODS: Using data from four sweeps of the National Child Development Study covering ages 33-50 (N=9960), we used multilevel growth models to study the association between labour market categories and longitudinal changes in weekly units of alcohol consumed. RESULTS: In the reference group of full-time employed men alcohol trajectory decreased over the follow-up period (β=-0.14; 95% CI -0.18 to -0.11) while in the reference group of employed women it increased (β=0.06; 95% CI 0.04 to 0.08). Men and women who were &amp;apos;mainly sick&amp;apos; had significantly steeper declines in their alcohol consumption trajectory. Women who became employed after being homemakers had the steepest increase in alcohol use (β=0.05; 95% CI 0.01 to 0.09)./nCONCLUSIONS: Being employed is a strong determinant of alcohol use for men and women in midlife, making the workplace a good target for health promotion programmes and policies aimed at reducing alcohol use. Caution is needed when interpreting the health effects of alcohol consumption as low alcohol users may have previously been heavy drinkers.</subfield>
   </datafield>
   <datafield ind2=" " ind1=" " tag="520">
      <subfield code="a">This work was supported by Delegación del Gobierno para el Plan Nacional sobre Drogas, Ministerio de Salud y Política Social (Grant number: PNSD 2011/I073); FIS-Redes de investigación cooperativa (Grant number RD12/0028/0018). AB and SB were funded by the European Research Council (309337,/nPI: Britton, http://www.ucl.ac.uk/alcohol-lifecourse)</subfield>
   </datafield>
   <datafield tag="653" ind2=" " ind1=" ">
      <subfield code="a">Alcohol</subfield>
   </datafield>
   <datafield tag="653" ind2=" " ind1=" ">
      <subfield code="a">Treball</subfield>
   </datafield>
   <datafield ind2="0" ind1="0" tag="245">
      <subfield code="a">The relationship between labour market categories and alcohol use trajectories in midlife</subfield>
   </datafield>
</record></metadata></record></GetRecord></OAI-PMH>